000 00998nas a2200325 4500
001 BR0003244
003 BR-BrBNA
005 20231205101921.0
007 ta
008 230509b bl.|||p| |||| 00| 00por d
040 _aBR-BrBNA
_bpor
_cBiblioteca Nacional de Agricultura
041 _a(Pt)
072 _aQ04
100 1 _aOliveira, M.E.B. de
100 1 _aFeitosa, T.
100 1 _aBastos, M. do S.R.
100 1 _aCastelo Branco, M.A. de A.
100 1 _aSilva, M. das G.G.
245 1 _aPerfil quimico de qualidade das polpas de acerola, caja e caju comercializadas no Estado da Bahia
650 _aAcerola
650 _aCaja
650 _aCaju
650 _aPolpa de Fruta
650 _aPropriedade Fisico-Quimica
650 _aControle de Qualidade
650 _aBahia
773 0 _tRevista Brasileira de Fruticultura (Brazil)
_xISSN 0100-2945
_g(Jul 2000), v. 22(special number) p. 9-15
_wBR0003244
909 _a202311
_bLúcia
_c55
_dLúcia Elande
942 _2AGRIS
_n0
_cANA
999 _c164703
_d164703